000 00228nam a2200097Ia 4500
005 20251222114402.0
008 251222s1900||||xx |||||||||||||| ||spa||
082 _aDVD0124/A64/2000
245 0 _aLos Abuelos de la Nada:
942 _cDVD
999 _c1681
_d1681